000 00777cab a2200241 4500
001 WB3244-01
008 090401t1996 xxu||||| |||| 00| 0 eng d
035 _a(Sirsi) u56126
041 _aeng
245 _a`Buildmark` limitations
260 _c1996
350 _a0
490 _aSunday Telegraph
_v17 November 1996, B16(2)
520 _aHighlights limitations of the NHBC `Buildmark` 10-year warranty scheme and interpretation of the term `major structural effects. The NHBC is reviewing cover under the warranty. Case study.
650 _aBINDING ARBITRATION
650 _aMAJOR STRUCTURAL DEFECTS
650 _aNHBC BUILDMARK POLICY
650 _aNHBC GUARANTEES
650 _aWARRANTIES
690 _aBUILT ENVIRONMENT
942 _n0
948 _c04/03/1997
999 _c34245
_d34245